| 000 | 00425nam a22001337a 4500 | ||
|---|---|---|---|
| 008 | 230607b xxu||||| |||| 00| 0 eng d | ||
| 020 | _a1892998033 | ||
| 082 |
_a900 _bCOP |
||
| 100 | _cGregory R. copley | ||
| 245 |
_aDefense Foreign Affairs Handbook _bpolitical, Economic and Defense data on energy country in the world _c1999 |
||
| 260 |
_bThe International strategic Associations _c1999 |
||
| 300 | _a1760p | ||
| 942 |
_2ddc _cBK |
||
| 999 |
_c817 _d817 |
||